000 00439nam a2200181Ia 4500
001 15380
005 20260306170152.0
008 260306t2015||||xx |||||||||||||| ||und||
041 _aESP
082 _a537
_bG49
100 _aGiraldo Tobón, Eugenio
_eAUT
245 0 _aFundamentos de electricidad y magnetismo
260 _c2015
300 _a179 páginas :
_c28 cm.
650 _aGEN
654 _aCCN
942 _cLIB
_dJUS
_fJUS
_2ddc
_n
999 _c15380
_d15380